| 000 | 02652nam0a2200457 4500 | ||
|---|---|---|---|
| 001 | RU\NLR\bibl\305202 | ||
| 005 | 20260406071812.0 | ||
| 010 |
_a5-16-000978-7 _9100000 |
||
| 021 |
_aRU _b2002-23532 _91180 |
||
| 035 | _a(NLR Aleph) 000300370 | ||
| 090 |
_a1759829 _c1759829 |
||
| 100 | _a20020904d2002 |||y0rusy50 ca | ||
| 101 | 0 | _arus | |
| 102 | _aRU | ||
| 105 | _aa ||||||||| | ||
| 200 | 1 |
_aОрганизация производства и управление предприятием _eУчебник _eДля студентов вузов, обуч. по техн. специальностям _f[Туровец О.Г., Попов В.Н., Родионов В.Б. и др.] _gПод ред. О.Г. Туровца |
|
| 210 |
_aМ. _cИНФРА-М _d2002 |
||
| 215 |
_a527 с. _cил. _d21 |
||
| 225 | 1 | _aВысшее образование | |
| 300 | _aАвт. указаны на 3-й с. | ||
| 320 | _aБиблиогр.: с. 521-523 | ||
| 606 | 0 |
_aПромышленность _jРуководства, пособия и т.п. для высшей школы _xОрганизация _9896412 _3RU\NLR\auth\664941 |
|
| 606 | 1 |
_aПромышленность _jУчебные издания для высшей школы _xОрганизация _9896412 _3RU\NLR\auth\664941 |
|
| 606 | 0 |
_aПромышленные предприятия _jРуководства, пособия и т.п. для высшей школы _xУправление _91545107 _3RU\NLR\auth\66674279 |
|
| 606 | 1 |
_aПромышленные предприятия _jУчебные издания для высшей школы _xУправление _91545107 _3RU\NLR\auth\66674279 |
|
| 610 | 0 | _aПромышленные предприятия - Организация производства | |
| 610 | 0 | _aПромышленные предприятия - Управление | |
| 675 |
_a658.012(075.8) _v3 _zrus |
||
| 686 |
_a06.81 _2rugasnti |
||
| 686 |
_a65.290-93я73 _2rubbk |
||
| 686 | _aУ30(2)-801я73 | ||
| 686 | _aУ30(2)-212.1я73 | ||
| 701 | 1 |
_4070 _8rus _7ca _aТуровец _bО. Г. _gОскар Григорьевич _cэкономист _3RU\NLR\auth\7728793 _911824 |
|
| 701 | 1 |
_4070 _8rus _7ca _aПопов _bВ. Н. _cд-р экон. наук, организация производства _f1939-2025 _gВладимир Николаевич _3RU\NLR\auth\7760302 _943233 |
|
| 701 | 1 |
_4070 _8rus _7ca _aРодинов _bВ. Б. _gВладимир Борисович _3RU\NLR\auth\7778765 _961693 |
|
| 801 | 0 |
_aRU _bRKP _c20020904 _gPSBO |
|
| 801 | 1 |
_aRU _bRKP _c20020904 |
|
| 801 | 2 |
_aRU _bNLR _c20090914 _grcr |
|
| 942 | _cBOOK | ||
| 980 | _aNB | ||